书目信息 |
| 题名: |
上海近代建筑史稿
|
|
| 作者: | 陈从周 , 章明 主编 | |
| 分册: | ||
| 出版信息: | 上海 三联书店上海分店 2002.01 |
|
| 页数: | 226页 | |
| 开本: | 26cm | |
| 丛书名: | ||
| 单 册: | ||
| 中图分类: | TU-092(51) | |
| 科图分类: | ||
| 主题词: | 建筑史 | |
| 电子资源: | ||
| ISBN: | 7-5426-0073-7 | |
| 000 | 00628nam0 2200205 45 | |
| 001 | 0258966250 | |
| 005 | 2002112216224564 | |
| 010 | @a7-5426-0073-7@dRMB 88.00 | |
| 100 | @a20021122d2002 km y0chiy0120 ea | |
| 101 | 0 | @achi |
| 102 | @aCN@b310000 | |
| 200 | 1 | @a上海近代建筑史稿@Ashang hai jin dai jian zhu shi gao@f陈从周,章明主编@Fchen cong zhou,zhang ming zhu bian |
| 210 | @a上海@c三联书店上海分店@d2002.01 | |
| 215 | @a226页@d26cm | |
| 606 | 0 | @a建筑史 |
| 690 | @aTU-092(51)@v3 | |
| 701 | 0 | @a陈从周@Achen cong zhou@4主编 |
| 701 | 0 | @a章明@Azhang ming@4主编 |
| 801 | 0 | @aCN@bPFT@c20021122 |
| 905 | @a10447@dTU-092(51)@eC380 | |
| 上海近代建筑史稿/陈从周,章明主编.-上海:三联书店上海分店,2002.01 |
| 226页;26cm |
| ISBN 7-5426-0073-7:RMB 88.00 |
| ● |
| 相关链接 |
|
|
|
正题名:上海近代建筑史稿
索取号:TU-092(51)/C380
 
预约/预借
| 序号 | 登录号 | 条形码 | 馆藏地/架位号 | 状态 | 备注 |
| 1 | 361160 | 203611608 | 建筑库101/101建筑库 5排1列1层/ [索取号:TU-092(51)/C380] | 在馆 | |
| 2 | 361161 | 203611617 | 建筑库101/101建筑库 5排1列1层/ [索取号:TU-092(51)/C380] | 在馆 |